Kartografická vizualizácia skalných útvarov

Na minha lista:
Detalhes bibliográficos
Autor principal: Pavelka, Dávid (Author)
Outros Autores: Fencík, Róbert (Thesis advisor)
Formato: Manuscrito Livro
Idioma:eslovaco
Publicado em: 2021
Assuntos:
Acesso em linha:http://is.stuba.sk/zp/portal_zp.pl?podrobnosti=159653
https://opac.crzp.sk/?fn=detailBiblioForm&sid=C5B0443D08DFEDB23D030A49A386
Tags: Adicionar Tag
Sem tags, seja o primeiro a adicionar uma tag!

MARC

LEADER 00000ntm a22000003a 4500
001 stuzp79275
003 SK-STU
005 20230515105224.3
007 ta
008 150427s2015----xo-----f-mn---000-0-slo-d
040 |a STU  |b slo 
041 0 |a slo 
100 1 |a Pavelka, Dávid  |u 010130  |4 aut  |U SvF Stavebná fakulta  |T SvF Katedra globálnej geodézie a geoinformatiky  |X 92889  |U V130  |Y 13  |7 92889 
242 0 1 |a Cartographic visualization of rock formations  |y eng 
245 1 0 |a Kartografická vizualizácia skalných útvarov 
260 |c 2021 
650 4 |a Digitálny model reliéfu  |2 slo 
650 4 |a Vizualizácia  |2 slo 
650 4 |a Kartografický model  |2 slo 
650 4 |a Mračno bodov  |2 slo 
650 4 |a Skalné útvary  |2 slo 
650 4 |a Rock formations  |2 eng 
650 4 |a Cartographic model  |2 eng 
650 4 |a Visualization  |2 eng 
650 4 |a Digital relief model  |2 eng 
650 4 |a Point cloud  |2 eng 
700 1 |a Fencík, Róbert  |u 010130  |k Z1  |4 ths  |U SvF Stavebná fakulta  |T SvF Katedra globálnej geodézie a geoinformatiky  |X 929  |U V130  |Y 13  |7 A000000929 
856 4 |u http://is.stuba.sk/zp/portal_zp.pl?podrobnosti=159653 
856 4 |u https://opac.crzp.sk/?fn=detailBiblioForm&sid=C5B0443D08DFEDB23D030A49A386